Great Lakes - Bordering Cities - Statistics

General Stats
  • This quiz has been taken 35 times
  • The average score is 11 of 12
Answer Stats
Hint Answer % Correct
Buffalo Erie
100%
Cleveland Erie
100%
Chicago Michigan
100%
Milwaukee Michigan
100%
Toronto Ontario
97%
Green Bay Michigan
94%
Rochester Ontario
94%
Toledo Erie
91%
Hamilton Ontario
88%
Thunder Bay Superior
84%
Duluth Superior
81%
Sarnia Huron
78%
No matching quizzes found
Score Distribution
Percent of People with Each Score
Percentile by Number Answered
Your Score History
You have not taken this quiz